000
00346nam a2200145Ia 4500
008
260223s2025 xx 000 0 und d
020
_a
9789351527862
041
_a
eng
082
_a
610.73/GAU
100
_a
Gauttam Vijay
245
_a
GNM intership
260
_a
B.S.B. Pune
_b
JAYPEE,Pub
_c
2025
300
_a
501P
650
_a
GNM intership
999
_c
1216392
_d
1216392